Loading...
| History - Other | 0 | 6 | 0 | 1 | 60 | 42 | 74.50 | 2 | 3 | 17.05 | 33.33 |
| Philosophy | 0 | 4 | 0 | 0 | 40 | 31 | 63.75 | 1 | 1 | 19.41 | 27.32 |
| Religion | 0 | 4 | 0 | 0 | 40 | 62 | 66.00 | 1 | 2 | 14.88 | 25.23 |
| Science - Other | 0 | 3 | 1 | 0 | 25 | 67 | 78.67 | 0 | 1 | 8.58 | 17.37 |
| Mythology | 0 | 3 | 1 | 0 | 25 | 33 | 56.67 | 1 | 2 | 12.60 | 19.93 |
| Literature - World | 0 | 2 | 0 | 0 | 20 | 47 | 78.50 | 0 | 1 | 6.05 | 12.88 |
| History - European | 0 | 2 | 1 | 0 | 15 | 41 | 71.50 | 0 | 0 | 5.61 | 4.49 |
| Current Events | 0 | 1 | 0 | 0 | 10 | 107 | 107.00 | 0 | 0 | 0.37 | 10.77 |
| Fine Arts - Classical Music | 0 | 1 | 0 | 1 | 10 | 116 | 116.00 | 0 | 0 | 0.15 | 1.40 |
| Fine Arts - Other | 0 | 1 | 0 | 0 | 10 | 85 | 85.00 | 0 | 0 | 2.60 | 5.59 |
| History - American | 0 | 2 | 2 | 0 | 10 | 53 | 65.00 | 0 | 0 | 6.94 | 5.83 |
| History - World | 0 | 2 | 2 | 1 | 10 | 67 | 87.00 | 0 | 0 | 3.40 | 4.55 |
| Science - Biology | 0 | 1 | 0 | 0 | 10 | 74 | 74.00 | 0 | 0 | 2.23 | 5.30 |
| Literature - British | 0 | 0 | 1 | 0 | -5 | 0.00 | 0 | 0 | 0.00 | 0.00 | |
| Social Science | 0 | 0 | 1 | 0 | -5 | 0.00 | 0 | 0 | 0.00 | 0.00 | |
| Science - Physics | 0 | 0 | 3 | 0 | -15 | 0.00 | 0 | 0 | 0.00 | 0.00 |